| 000 | 00363nam a2200121 a 4500 | ||
|---|---|---|---|
| 001 | 000036048 | ||
| 005 | 20200930074830.0 | ||
| 008 | 111124s2003 dr 000 0 spa d | ||
| 040 |
_aDO-SdBNP _bspa _cBNPHU |
||
| 245 | 0 | 0 | _aCatálogo de la provincia antillense de la compañía de Jesús. |
| 260 |
_aSanto Domingo : _bBúho, _c2003. |
||
| 300 |
_a70 p. : _bil. ; _c22 cm. |
||
| 999 |
_c35539 _d35539 |
||